Statistics for 81 Provinces in The Philippines

Click here to take the quiz!

General Stats

  • This quiz has been taken 183 times
  • The average score is 43 of 81

Answer Stats

RegionAnswer% Correct
CALABARZONBatangas
81%
Central VisayasCebu
80%
CALABARZONLaguna
79%
MIMAROPAPalawan
78%
CALABARZONCavite
77%
CALABARZONQuezon
77%
Cagayan ValleyCagayan
75%
Ilocos RegionIlocos Norte
75%
Ilocos RegionIlocos Sur
74%
Cagayan ValleyBatanes
73%
MIMAROPARomblon
70%
CALABARZONRizal
69%
Eastern VisayasLeyte
68%
Central LuzonPampanga
68%
Eastern VisayasSamar
68%
Coldillera Administrative RegionAbra
67%
Bicol RegionAlbay
67%
Central VisayasBohol
66%
Central LuzonBulacan
66%
Bicol RegionCamarines Norte
66%
Coldillera Administrative RegionBenguet
65%
Davao RegionDavao del Sur
65%
Bicol RegionCamarines Sur
64%
Davao RegionDavao del Norte
64%
Ilocos RegionPangasinan
64%
MIMAROPAMarinduque
62%
Western VisayasAklan
61%
Western VisayasIloIlo
60%
Autonomous Region in Muslim MindanaoSulu
59%
Central LuzonBataan
58%
Central LuzonNueva Ecija
58%
Zamboanga PeninsulaZamboanga del Norte
58%
Central LuzonAurora
57%
Autonomous Region in Muslim MindanaoTawi-Tawi
56%
Central VisayasNegros Oriental
55%
Bicol RegionSorsogon
55%
Bicol RegionMasbate
54%
Central VisayasNegros Occidental
54%
MIMAROPAOriental Mindoro
53%
MIMAROPAOccidental Mindoro
52%
Central LuzonTarlac
52%
Central LuzonZambales
52%
CARAGAAgusan del Norte
51%
CARAGAAgusan del Sur
51%
Coldillera Administrative RegionApayao
51%
Ilocos RegionLa Union
51%
Cagayan ValleyIsabela
50%
Davao RegionDavao Oriental
49%
Davao RegionDavao Occidental
48%
Western VisayasAntique
47%
Western VisayasCapiz
46%
Bicol RegionCatanduanes
46%
SOCCSKSARGENCotabato
45%
Coldillera Administrative RegionIfugao
45%
Eastern VisayasBiliran
43%
Coldillera Administrative RegionKalinga
43%
Northern MindanaoMisamis Occidental
42%
Northern MindanaoMisamis Oriental
42%
Autonomous Region in Muslim MindanaoBasilan
41%
Northern MindanaoLanao del Norte
41%
Autonomous Region in Muslim MindanaoLanao del Sur
41%
CARAGASurigao del Norte
41%
CARAGASurigao del Sur
41%
Coldillera Administrative RegionMountain Province
40%
Eastern VisayasEastern Samar
39%
Autonomous Region in Muslim MindanaoMaguindanao
39%
Eastern VisayasNorthern Samar
39%
Central VisayasSiquijor
39%
Northern MindanaoBukidnon
38%
Eastern VisayasSouthern Leyte
38%
Cagayan ValleyNueva Viscaya
37%
Western VisayasGuimaras
36%
SOCCSKSARGENSarangani
36%
Northern MindanaoCamiguin
35%
SOCCSKSARGENSouth Cotabato
35%
SOCCSKSARGENSultan Kudarat
35%
Cagayan ValleyQuirino
34%
Davao RegionCompostela Valley
27%
CARAGADinagat Islands
23%
Zamboanga PeninsulaZambaonga Sibugay
6%
Zamboanga PeninsulaZamboang del Sur
6%

Score Distribution

Percentile by Number Answered

Percent of People with Each Score

Your Score History

You have not taken this quiz